02264cam a22003378i 45000010005000000030006000050050017000110080041000280100017000690200031000860400028001170420008001450500025001530820017001781000042001952450037002372640046002742640009003203000041003293360026003703370028003963380027004244900030004515000084004815201115005656550031016809060045017119420015017569990015017719520140017862946FISKH20240125081250.0210305t20211972nyu 000 0 eng  a 2021010375 a9780393541595q(paperback) aDLCbengcDLCerdadDLC apcc10aPR6029.B55bP67 202100a823/.9142231 aO'Brian, Patrickd1914-2000.eauthor.10aPost captain /cPatrick O'Brian. 1aNew York :bW. W. Norton & Company,c1990 4c1972 a527 pages :billustrations ;c21 cm. atextbtxt2rdacontent aunmediatedbn2rdamedia avolumebnc2rdacarrier0 aThe Aubrey/Maturin series a"First published in 1972 by William Collins Sons & Co. Ltd."--Title page verso. a""If Jane Austen had written rousing sea yarns, she would have produced something very close to the prose of Patrick O'Brian." -Time. It's 1802. The Treaty of Amiens has brought an end to the hostilities between Great Britain and France. Captain Jack Aubrey and his friend, naval surgeon Stephen Maturin, are enjoying the respite in the English countryside, besotted with two beautiful cousins, Sophie Williams and Diana Villiers-until Aubrey loses his fortune and they flee to France to escape his creditors. While in France, Napoleon smashes the Peace of Amiens and war begins anew. Aubrey and Maturin, now finding themselves behind enemy lines, make their way back to England. Maturin is sent to Spain on an intelligence-gathering mission and the now-solvent Aubrey assumes command of a strange warship, pursuing his quarry straight into the mouth of a French-held harbor. Amidst the rollicking adventures at sea and mishaps on land, Aubrey and Maturin's friendship is tested by their romantic entanglements with the cousins in this brilliant second installment of the epic series"--cProvided by publisher. 7aHistorical fiction.2gsafd a0bvipcorignewd1eecipf20gy-gencatlg 2ddccBKn0 c2946d2946 00102ddc40708FICa001b001cTKSFd2024-01-25l1oOBR 823.914 PR6029.B55p2024-0050r2024-06-14 15:35:21s2024-05-10w2024-01-25yBK